1977 ... 1994 : disset anys de gestió del Parc Natural del Montseny : balanç d'activitats disset anys de gestió del Parc Natural del Montseny :
Descripción Física:
15 p. : il. ; 30 cm
MARC
| LEADER | 00000nam a2200000Ia 4500 | ||
|---|---|---|---|
| 001 | 10821 | ||
| 008 | 160829s9999 xx 000 0 cat d | ||
| 080 | |a FU-27-25 | ||
| 245 | |a 1977 ... 1994 : |b disset anys de gestió del Parc Natural del Montseny : |b balanç d'activitats | ||
| 260 | |a Barcelona : |b Diputació de Barcelona, Servei de Parcs Naturals, [1995?] | ||
| 300 | |a 15 p. : |b il. ; |c 30 cm | ||
| 590 | |a Hi ha un exemplar en castellà amb R. 19492 | ||
| 610 | 0 | |a Parc Natural del Montseny (Catalunya) |9 10461 | |
| 650 | |a Parc Natural del Montseny |x Memòries |9 27616 | ||
| 710 | |a Barcelona (Catalunya : Província). |b Servei de Parcs Naturals |9 53492 | ||
| 901 | |a Arxiu | ||
| 942 | |n 1 | ||
| 952 | |0 0 |1 0 |4 0 |6 FU2725 |7 1 |9 44475 |a Arxiu |b Arxiu |d 2016-12-01 |l 0 |o FU-27-25 |p 10821 |r 2016-12-01 00:00:00 |w 2016-12-01 |y ARXIU | ||
| 999 | |c 47056 |d 47056 | ||